000 00372nam a22001217a 4500
008 110509t xxu||||| |||| 00| 0 eng d
020 _a0406091811
082 _a348.041
245 _aThe Law Reports Appeal Cases 1906 /
300 _av;
942 _2ddc
_cBK
999 _c1587
_d1587